| 000 | 00413 a2200169 4500 | ||
|---|---|---|---|
| 003 | OSt | ||
| 005 | 20180116182628.0 | ||
| 008 | 160427b xxu||||| |||| 00| 0 eng d | ||
| 040 | _c0 | ||
| 082 | _a519.5 LEV 1998 | ||
| 100 | _aRICHARD I. LEVIN | ||
| 110 | _aDAVID S. RUBIN | ||
| 245 | _aSTATISTICS FOR MANAGEMENT | ||
| 250 | _a7TH ED | ||
| 260 |
_aPRENTICE HALL INC _c1998 |
||
| 942 |
_aNBS _cBK _k519.5 LEV _2ddc |
||
| 999 |
_c343004 _d343004 |
||